Normal view
MARC view
Entry Personal Name
001 - CONTROL NUMBER
- control field: 5006
003 - CONTROL NUMBER IDENTIFIER
- control field: BD-RjUL
005 - DATE AND TIME OF LATEST TRANSACTION
- control field: 20220926124129.0
008 - FIXED-LENGTH DATA ELEMENTS
- fixed length control field: 220926|| aca||aabn | a|a d
040 ## - CATALOGING SOURCE
- Original cataloging agency: BD-RjUL
- Transcribing agency: BD-RjUL
100 ## - HEADING--PERSONAL NAME
- Personal name: Stowe, Harriet Beecher,
- Dates associated with a name: 1811-1896
670 ## - SOURCE DATA FOUND
- Source citation: Work cat.: (BD-RjUL)80435: Stowe, Harriet Beecher, 1811-1896., Lady Byron vindicated. A history of the Byron controversy, from its beginning in 1816 to the present time., 1870